Statystyki dla KŁIZ DLA NUBUF

Kliknij tutaj aby rozwiązać quiz!

Ogólne statystyki

  • Ten quiz został rozwiązany 19 razy
  • Średni wynik to 3 z 15

Statystyki odpowiedzi

PYDANIEODBOWIEDŹ% Poprawnych
jakie święto jest obchodzone 1 stycznianowy rok
83%
jaką reką sie witaprawą
50%
co musze mieć by przekroczyć granicce z jakimś krajempaszport
25%
w którym miesiącu zanczynają sie wakacje?w czerwcu
25%
w jakim kraju mieszkasz?w polsce
25%
co to jest to niebieskie na plazy gdzie dźwięk pierdu dziwnie brzmimorze
17%
A jak sie nazywa ten kraj do kturego hce iść no ten ktorego ro... nie pamientam co podbiło jakiś półwysepUkraina
17%
a ile kilometrów jest do tego pienkengo zachodzoncego słońca150000000
8%
o nie nie ma internetu co mam robićczekać aż będzie
8%
co mam robić jeśli jestem horyiść do szpitala
8%
co mam zrobić aby być PRO?PILNIE SIE UCZYC W SZKOLE I CZYTAC KSIAZKI
8%
jak się otwiera te drzwi?pociągając za klamke
8%
co musze zrobić aby jetpunk mi się włączył?wpisać w wyszukiwwarce jetpunk
8%
co trzeba zrobić aby nie mieć klocku lego w piwiewyjąć go
8%
co mam zrobić jeśli chce mi sie kupezrobić ją
8%

Rozkład punktacji

Percentyl według liczby udzielonych odpowiedzi

Procent ludzi z każdym wynikiem

Twoja historia wyników

Nie rozwiązałeś tego quizu